The American Pageant / A History of the Republic; Volume II (Record no. 1965)
[ view plain ]
| 000 -LEADER | |
|---|---|
| fixed length control field | 01569cam a22002294a 4500 |
| 005 - ΗΜΕΡΟΜΗΝΙΑ ΚΑΙ ΩΡΑ ΤΕΛΕΥΤΑΙΑΣ ΕΝΗΜΕΡΩΣΗΣ | |
| Πεδίο ελέγχου | 20250605164024.0 |
| 008 - FIXED-LENGTH DATA ELEMENTS--GENERAL INFORMATION | |
| Πεδίο ελέγχου σταθερού μήκους | 250528s ||||||||||||||||||||||||d |
| 035 ## - SYSTEM CONTROL NUMBER | |
| System control number | 16467 |
| 020 ## - ISBN | |
| ISBN | 669052671 |
| 040 ## - ΠΗΓΗ ΚΑΤΑΛΟΓΟΓΡΑΦΗΣΗΣ | |
| Φορέας πρωτότυπης καταλογογράφησης | MC Athens Campus Library |
| Γλώσσα καταλογογράφησης | Ελληνικά, Μοντέρνα (1453-) |
| Modifying agency | MC Athens Campus Library |
| Κανόνες περιγραφικής καταλογογράφησης | AACR2 |
| 245 1# - ΤΙΤΛΟΣ ΚΑΙ ΔΗΛΩΣΗ ΥΠΕΥΘΥΝΟΤΗΤΑΣ | |
| Τίτλος | The American Pageant / A History of the Republic; Volume II |
| 250 ## - EDITION STATEMENT | |
| Edition statement | 7th |
| 260 ## - PUBLICATION, DISTRIBUTION, ETC. | |
| Name of publisher, distributor, etc. | D.C. Heath And Company, |
| Date of publication, distribution, etc. | 1983 |
| 300 ## - PHYSICAL DESCRIPTION | |
| Extent | 994 |
| 505 0# - FORMATTED CONTENTS NOTE | |
| Formatted contents note | The Order of Reconstruction, Politics in the Gilded Age - 1869-1889, Industry Comes of Age - 1865-1900, New Social and Cultural Horizons - 1865-1900, The Path of Empire, Progressivism and the Republican Roosevelt, Woodrow Wilson and the New Freedom, The Road to World War I, Making and Unmaking the Peace, The Great Depression and the New Deal, America in World War II, Korea and the Eisenhower Era, The Rise and Fall of Richard Nixon, The American People Since World War II, Color Portfolios, Index. |
| 520 ## - SUMMARY, ETC. | |
| Summary, etc. | The Order of Reconstruction, Politics in the Gilded Age - 1869-1889, Industry Comes of Age - 1865-1900, New Social and Cultural Horizons - 1865-1900, The Path of Empire, Progressivism and the Republican Roosevelt, Woodrow Wilson and the New Freedom, The Road to World War I, Making and Unmaking the Peace, The Great Depression and the New Deal, America in World War II, Korea and the Eisenhower Era, The Rise and Fall of Richard Nixon, The American People Since World War II, Color Portfolios, Index. |
| 700 1# - ΠΡΟΣΘΕΤΗ ΑΝΑΓΡΑΦΗ--ΦΥΣΙΚΟ ΠΡΟΣΩΠΟ | |
| Personal name | Bailey Thomas A. |
| 9 (RLIN) | 857 |
| 700 1# - ΠΡΟΣΘΕΤΗ ΑΝΑΓΡΑΦΗ--ΦΥΣΙΚΟ ΠΡΟΣΩΠΟ | |
| Personal name | Kennedy David M |
| 9 (RLIN) | 858 |
| 942 ## - ADDED ENTRY ELEMENTS (KOHA) | |
| Koha item type | Books |
| Τύπος τεκμηρίου | Βιβλιοθήκη | Τρέχουσα τοποθεσία | Barcode | Αριθμός εισαγωγής | Ημερομηνία απόκτησης | Ταξιθετικό σύμβολο | Αριθμός αντιτύπου | Κατάσταση απόσυρσης | Κατάσταση χαμένου | Κατάσταση κατεστραμμένου | Μη δανεισμός | Σύνολο δανεισμών | Ημερομηνία τελευταίας εμφάνισης | Η τιμή ισχύει από |
|---|---|---|---|---|---|---|---|---|---|---|---|---|---|---|
| Books | MC Athens Campus Library | MC Athens Campus Library | 9780000019646 | 4171 | 05/06/2025 | 973 BAI V.II | 2 | 05/06/2025 | 05/06/2025 |